|
|
|
|
| LEADER |
00000nam a2200000 a 4500 |
| 001 |
vtls001222661 |
| 003 |
SK-MaSNL |
| 005 |
20260301154557.0 |
| 008 |
251113s1996 CH 0 eng |
| 020 |
|
|
|a 9221101827
|c [506,00]
|
| 035 |
|
|
|a SNK000168345
|
| 040 |
|
|
|a SNK
|b slo
|c SNK
|e AACR2
|
| 044 |
|
|
|a CH
|
| 080 |
|
|
|a 331.5
|2 1981
|
| 110 |
0 |
|
|a Medzinárodná organizácia práce
|4 aut
|9 18131
|
| 245 |
1 |
|
|a Globalization of the footwear, textiles and clothing industries
|b report for discussion at the Tripartite Meeting on the globalization of the footwear, textiles and clothing industries: effects on employment and Working conditions, Geneva, 1996
|
| 260 |
|
|
|a Geneva
|b International Labour Office
|c 1996
|
| 300 |
|
|
|a vi, 124 s.
|c 29 cm
|
| 490 |
1 |
|
|a TMFTCI
|v 1996
|
| 650 |
0 |
7 |
|a odevný priemysel
|2 SNKPH
|9 71274
|
| 650 |
0 |
7 |
|a textilný priemysel
|2 SNKPH
|9 51332
|
| 650 |
0 |
7 |
|a obuvnícky priemysel
|2 SNKPH
|9 64041
|
| 650 |
0 |
7 |
|a zamestnanosť
|2 SNKPH
|9 2209
|
| 830 |
|
0 |
|a TMFTCI
|9 455858
|
| 919 |
|
|
|a 92-2-110182-7
|
| 999 |
|
|
|c 797337
|d 799267
|
| 952 |
|
|
|t P60, <04>, [BOOK], {604}
|a SNK
|b SNK
|y VYP
|7 0
|p 17A0013550
|o snkIB 69617
|i snkV 1934/96
|0 0
|1 0
|4 0
|d 1996-10-17
|l 0
|r 2005-01-01 00:00:00
|w 2026-02-24
|